000 00359nam a2200169Ia 4500
003 0STCL
008 150530s9999 xx 000 0 und d
040 _aSTCL
_cSTCL
100 _aLynton, E.A.
245 _aSuper conductivity
250 _aThird
260 _c1974
546 _aEnglish
942 _2ddc
_cBK
999 _c29615
_d29615
005 20220125170152.0